000 01011nam a2200277Ia 4500
003 OSt
005 20221005104247.0
006 a|||||r|||| 00| 0
007 ta
008 221004b |||||||| |||| 00| 0 hin d
020 _a8123005482 (hbk)
_cINR 440.00
024 _a42942
037 _b322, 11/03/2019, Eastern Book Linkers
_cTextual
040 _aCRL
_cCRL
_bhin
041 _2hin
_ahin
082 _aO152,1J94,1, N8
100 _aबिहारी, ले.
245 0 _aबिहारी सतसई
246 _aBihārī satasaī
260 _aदिल्ली
_bप्रकाशन विभाग सूचना और प्रसारण मंत्रालय भारत
_c1998
300 _a122पृ0
_ccm.
650 _a हिन्दी साहित्य
650 _aहिन्दी कविता
942 _hO152,1J94,1, N8
_cTEXL
_2cc
999 _c1012178
_d1012178